Informe de la Tercera Conferencia sobre los Problemas de Nutrición en la América Latina (Record no. 46383)

MARC details
000 -LEADER
campo de control de longitud fija 00658nam a2200169 i 4500
001 - NÚMERO DE CONTROL
campo de control 46383
003 - IDENTIFICADOR DE NÚMERO DE CONTROL
campo de control ES-MaACL
005 - FECHA Y HORA DE LA ÚLTIMA TRANSACCIÓN
campo de control 20230906161354.0
007 - CAMPO FIJO DE DESCRIPCIÓN FÍSICA--INFORMACIÓN GENERAL
campo de control de longitud fija t|
008 - DATOS DE LONGITUD FIJA--INFORMACIÓN GENERAL
campo de control de longitud fija 030328s1954 xxu ||||1| spa d
111 2# - ENTRADA PRINCIPAL--NOMBRE DE CONGRESO/REUNIÓN
Nombre de congreso/reunión o jurisdicción como elemento de entrada Conferencia sobre los Problemas de Nutrición en la América Latina (
Fecha del congreso o de la firma del tratado 1953.
Sede del congreso/Lugar de la reunión Caracas)
9 (RLIN) 220
245 10 - MENCIÓN DEL TÍTULO
Título Informe de la Tercera Conferencia sobre los Problemas de Nutrición en la América Latina
Resto del título : Venezuela del 19 al 28 de octubre de 1953.
260 ## - PUBLICACIÓN, DISTRIBUCIÓN, ETC.
Lugar de publicación, distribución, etc. Washington :
Nombre del editor, distribuidor, etc. Oficina Sanitaria Panamericana,
Fecha de publicación, distribución, etc. [1954]
300 ## - DESCRIPCIÓN FÍSICA
Extensión 54 p. ;
Dimensiones 23 cm.
710 2# - ENTRADA AGREGADA--NOMBRE DE ENTIDAD CORPORATIVA
Nombre de entidad corporativa o nombre de jurisdicción como elemento de entrada Oficina Sanitaria Panamericana.
9 (RLIN) 6025
852 ## - LOCALIZACIÓN
Ubicación ES-MaACL
Número de control de estantería 1995-F-17
Sublocalización o colección R.38407
Holdings
Estatus retirado Estado de pérdida Estado de daño No para préstamo Colección Biblioteca de origen Biblioteca actual Ubicación en estantería Fecha de adquisición Fuente de adquisición Total de préstamos Signatura topográfica completa Código de barras Visto por última vez Precio de reemplazo Tipo de ítem Koha
        Colección de folletos Biblioteca del Ateneo de Madrid Biblioteca del Ateneo de Madrid Depósito folletos 17/01/2008     1995-F-17 1048783 23/02/2023 23/02/2023 Folleto